| 000 | 01307nam0a22002771 4500 | ||
|---|---|---|---|
| 001 | rc\1096023 | ||
| 005 | 20041126173936.2 | ||
| 035 | _a(NLR Aleph) 006342214 | ||
| 090 |
_a4712677 _c4712677 |
||
| 100 | _a20041126d1983 u |0rusy50 ca | ||
| 101 | 0 | _arus | |
| 102 | _aRU | ||
| 105 | _ay ||||||||| | ||
| 200 | 1 | _aПути совершенствования организация | |
| 210 |
_aМ. _cЦНИИТЭИтракторосельхозмаш _d1983 |
||
| 215 |
_a31 с. _d21 |
||
| 225 | 1 | _aОбзоры, способствующие экономическому образованию в отрасли | |
| 225 | 1 |
_aОбзорная информация _fЦНИИ информ. и техн.-экон. исслед. по тракт. и с.-х. машиностроению _iСерия "Экономика, планирование и управление в тракторном и сельскохозяйственном машиностроении" _vВып. 7 |
|
| 300 | _aВ надзаг. также: М-во тракт. и с.-х. машиностроения | ||
| 320 | _aБиблиогр.: с. 30 | ||
| 700 | 1 |
_aСафро _bС. Г. _gСемен Григорьевич |
|
| 801 | 0 |
_aRU _bNLR _gpsbo |
|
| 801 | 1 |
_aRU _bELAR _2rusmarc |
|
| 852 |
_aNLR _jП22/4653 |
||
| 942 | _cBOOK | ||
| 980 | _aNB | ||